书目信息 |
| 题名: |
单身经济学
|
|
| 作者: | 何红旗 著 | |
| 分册: | ||
| 出版信息: | 天津 天津科学技术出版社 2019 |
|
| 页数: | 210页 | |
| 开本: | 21cm | |
| 丛书名: | ||
| 单 册: | ||
| 中图分类: | F014.5 | |
| 科图分类: | ||
| 主题词: | 消费经济学--xiao fei jing ji xue--研究 | |
| 电子资源: | ||
| ISBN: | 978-7-5576-6303-2 | |
| 000 | 00938nam0 2200241 450 | |
| 001 | 2151086833 | |
| 005 | 20211018173724.0 | |
| 010 | @a978-7-5576-6303-2@dCNY42.00 | |
| 100 | @a20190921d2019 em y0chiy50 ea | |
| 101 | 0 | @achi |
| 102 | @aCN@b120000 | |
| 105 | @ay z 000yy | |
| 106 | @ar | |
| 200 | 1 | @a单身经济学@Adan shen jing ji xue@dSingles economics@f何红旗著@zeng |
| 210 | @a天津@c天津科学技术出版社@d2019 | |
| 215 | @a210页@d21cm | |
| 330 | @a本书是一本分析单身群体消费能力、消费结构、消费习惯等的经济学书籍。本书不仅聚焦单身经济蕴藏着哪些商机,生产者与服务者应该从哪些方面淘金,而且从经济学角度剖析了单身男女为何选择单身,有哪些独特的消费行为,以及如何投资理财才能避免因过度消费而导致财务赤字等内容。 | |
| 510 | 1 | @aSingles economics@zeng |
| 606 | 0 | @a消费经济学@Axiao fei jing ji xue@x研究 |
| 690 | @aF014.5@v5 | |
| 701 | 0 | @a何红旗@Ahe hong qi@4著 |
| 801 | 0 | @aCN@b百万庄@c20211016 |
| 905 | @b1309312-15@dF014.5@e594@f4 | |
| 单身经济学=Singles economics/何红旗著.-天津:天津科学技术出版社,2019 |
| 210页;21cm |
| ISBN 978-7-5576-6303-2:CNY42.00 |
| 本书是一本分析单身群体消费能力、消费结构、消费习惯等的经济学书籍。本书不仅聚焦单身经济蕴藏着哪些商机,生产者与服务者应该从哪些方面淘金,而且从经济学角度剖析了单身男女为何选择单身,有哪些独特的消费行为,以及如何投资理财才能避免因过度消费而导致财务赤字等内容。 |
| ● |
| 相关链接 |
|
|
|
|
正题名:单身经济学
索取号:F014.5/594
 
预约/预借
| 序号 | 登录号 | 条形码 | 馆藏地/架位号 | 状态 | 备注 |
| 1 | 1309312 | 213093123 | 第一样本阅览室/ [索取号:F014.5/594] | 在馆 | |
| 2 | 1309313 | 213093132 | 第一借阅区/ [索取号:F014.5/594] | 在馆 | |
| 3 | 1309314 | 213093141 | 第一借阅区/ [索取号:F014.5/594] | 在馆 | |
| 4 | 1309315 | 213093150 | 第一借阅区/ [索取号:F014.5/594] | 在馆 |